Biblioteca de publicidad y relaciones públicas / (Registro nro. 35045)
[ vista simple ]
| 000 -CABECERA | |
|---|---|
| campo de control de longitud fija | 00474nam a2200157 a 4500 |
| 001 - NÚMERO DE CONTROL | |
| campo de control | 000035554 |
| 005 - FECHA Y HORA DE LA ÚLTIMA TRANSACCIÓN | |
| campo de control | 20200930074428.0 |
| 008 - DATOS DE LONGITUD FIJA--INFORMACIÓN GENERAL | |
| campo de control de longitud fija | 111103s1985 mx 000 0 spa d |
| 020 ## - NÚMERO INTERNACIONAL ESTÁNDAR DEL LIBRO | |
| Número Internacional Estándar del Libro | 9682600375 |
| 040 ## - FUENTE DE LA CATALOGACIÓN | |
| Centro catalogador/agencia de origen | DO-SdBNP |
| Lengua de catalogación | spa |
| Centro/agencia transcriptor | BNPHU |
| 100 1# - ENTRADA PRINCIPAL--NOMBRE DE PERSONA | |
| Nombre de persona | Charles J. Dirksen |
| 9 (RLIN) | 61454 |
| 245 00 - MENCIÓN DE TÍTULO | |
| Título | Biblioteca de publicidad y relaciones públicas / |
| Mención de responsabilidad, etc. | Arthur Kroeger. |
| 260 ## - PUBLICACIÓN, DISTRIBUCIÓN, ETC. | |
| Lugar de publicación, distribución, etc. | México : |
| Nombre del editor, distribuidor, etc. | Editorial Continental, |
| Fecha de publicación, distribución, etc. | 1985. |
| 300 ## - DESCRIPCIÓN FÍSICA | |
| Extensión | v. 2 ; |
| Dimensiones | 24 cm. |
| 700 1# - PUNTO DE ACCESO ADICIONAL--NOMBRE DE PERSONA | |
| Nombre de persona | Kroeger,Arthur |
| 9 (RLIN) | 61455 |
| Estado de retiro | Estado de pérdida | Restricciones de uso | No para préstamo | Código de colección | Localización permanente | Ubicación/localización actual | Ubicación en estantería | Fecha de adquisición | Número de inventario | Total de préstamos | Signatura topográfica completa | Código de barras | Fecha visto por última vez | Precio válido a partir de | Tipo de ítem Koha |
|---|---|---|---|---|---|---|---|---|---|---|---|---|---|---|---|
| Excluido de préstamo | Monografías: Libros y Folletos | General | General | En catalogación | 03.11.2011 | LF1 | v. 2 | 35554-10 | 25.06.2020 | 25.06.2020 | No se presta |
